<?xml version="1.0" encoding="UTF-8"?>
<record
    xmlns:xsi="http://www.w3.org/2001/XMLSchema-instance"
    xsi:schemaLocation="http://www.loc.gov/MARC21/slim http://www.loc.gov/standards/marcxml/schema/MARC21slim.xsd"
    xmlns="http://www.loc.gov/MARC21/slim">

  <leader>03575nam a2200565Ia 4500</leader>
  <controlfield tag="001">698</controlfield>
  <controlfield tag="008">241029s9999    xx            000 0 und d</controlfield>
  <datafield tag="010" ind1=" " ind2=" ">
    <subfield code="a">627</subfield>
  </datafield>
  <datafield tag="041" ind1=" " ind2=" ">
    <subfield code="a">Espa&#xF1;ol</subfield>
  </datafield>
  <datafield tag="082" ind1=" " ind2=" ">
    <subfield code="a">EDU-Ma 2012 G172g</subfield>
  </datafield>
  <datafield tag="245" ind1=" " ind2="0">
    <subfield code="a">La guarder&#xED;a pre-escolar biling&#xFC;e en Bayahibe, un nuevo reto acad&#xE9;mico en Rep&#xFA;blica Dominicana </subfield>
  </datafield>
  <datafield tag="260" ind1=" " ind2=" ">
    <subfield code="a">Distrito Nacional</subfield>
  </datafield>
  <datafield tag="300" ind1=" " ind2=" ">
    <subfield code="a">81</subfield>
  </datafield>
  <datafield tag="520" ind1=" " ind2=" ">
    <subfield code="a">12</subfield>
  </datafield>
  <datafield tag="630" ind1=" " ind2=" ">
    <subfield code="a">Aprendizaje Significativo</subfield>
  </datafield>
  <datafield tag="630" ind1=" " ind2=" ">
    <subfield code="a">Comunidad Educativa</subfield>
  </datafield>
  <datafield tag="630" ind1=" " ind2=" ">
    <subfield code="a">Criterios de Evaluaci&#xF3;n</subfield>
  </datafield>
  <datafield tag="630" ind1=" " ind2=" ">
    <subfield code="a">Guarder&#xED;as</subfield>
  </datafield>
  <datafield tag="630" ind1=" " ind2=" ">
    <subfield code="a">Lenguaje y Lenguas-Ense&#xF1;anza</subfield>
  </datafield>
  <datafield tag="650" ind1=" " ind2=" ">
    <subfield code="a">Evaluaci&#xF3;n</subfield>
  </datafield>
  <datafield tag="690" ind1=" " ind2=" ">
    <subfield code="a">Elaborado</subfield>
  </datafield>
  <datafield tag="700" ind1=" " ind2=" ">
    <subfield code="e">asesor</subfield>
    <subfield code="a">Medrano, Mar&#xED;a Celina</subfield>
  </datafield>
  <datafield tag="700" ind1=" " ind2=" ">
    <subfield code="e">autor</subfield>
    <subfield code="a">Garc&#xED;a Rpdr&#xED;guez, Veridania de Jes&#xFA;s</subfield>
  </datafield>
  <datafield tag="901" ind1=" " ind2=" ">
    <subfield code="a">{"1":"Garc&#xED;a Rpdr&#xED;guez"}</subfield>
    <subfield code="b">{"1":"Veridania de Jes&#xFA;s"}</subfield>
  </datafield>
  <datafield tag="902" ind1=" " ind2=" ">
    <subfield code="a">1</subfield>
  </datafield>
  <datafield tag="903" ind1=" " ind2=" ">
    <subfield code="a">{"1":"Medrano"}</subfield>
    <subfield code="b">{"1":"Mar&#xED;a Celina"}</subfield>
  </datafield>
  <datafield tag="904" ind1=" " ind2=" ">
    <subfield code="a">Maestr&#xED;a en</subfield>
  </datafield>
  <datafield tag="905" ind1=" " ind2=" ">
    <subfield code="a">Consejer&#xED;a Escolar</subfield>
  </datafield>
  <datafield tag="906" ind1=" " ind2=" ">
    <subfield code="a">2</subfield>
  </datafield>
  <datafield tag="907" ind1=" " ind2=" ">
    <subfield code="a">NO APLICA</subfield>
  </datafield>
  <datafield tag="908" ind1=" " ind2=" ">
    <subfield code="a">NO APLICA</subfield>
  </datafield>
  <datafield tag="909" ind1=" " ind2=" ">
    <subfield code="a">Universidad Nacional Pedro Henr&#xED;quez Ure&#xF1;a (UNPHU), Recinto Garrido Puello</subfield>
  </datafield>
  <datafield tag="910" ind1=" " ind2=" ">
    <subfield code="a">NULL</subfield>
    <subfield code="b">NULL</subfield>
  </datafield>
  <datafield tag="911" ind1=" " ind2=" ">
    <subfield code="a">["1"]</subfield>
  </datafield>
  <datafield tag="912" ind1=" " ind2=" ">
    <subfield code="a">NO APLICA</subfield>
  </datafield>
  <datafield tag="913" ind1=" " ind2=" ">
    <subfield code="a">NULL</subfield>
  </datafield>
  <datafield tag="914" ind1=" " ind2=" ">
    <subfield code="a">01 de Abril de 2012</subfield>
  </datafield>
  <datafield tag="915" ind1=" " ind2=" ">
    <subfield code="a">20/07/15 11:07</subfield>
  </datafield>
  <datafield tag="916" ind1=" " ind2=" ">
    <subfield code="a">NULL</subfield>
  </datafield>
  <datafield tag="917" ind1=" " ind2=" ">
    <subfield code="a">NULL</subfield>
  </datafield>
  <datafield tag="918" ind1=" " ind2=" ">
    <subfield code="a">NO APLICA</subfield>
  </datafield>
  <datafield tag="919" ind1=" " ind2=" ">
    <subfield code="a">["20","45","51","113","130"]</subfield>
  </datafield>
  <datafield tag="520" ind1=" " ind2=" ">
    <subfield code="a">El objetivo principal de este estudio, consisti&#xF3; en desarrollar una guarder&#xED;a pre-escolar biling&#xFC;e en Bayahibe, Rep&#xFA;blica Dominicana, a la vez investigar la aceptaci&#xF3;n que un Centro de esta categor&#xED;a tiene en la poblaci&#xF3;n de Bayahibe. &#xA0;La metodolog&#xED;a utilizada fue de tipo descriptivo, anal&#xED;tico, con un enfoque pedag&#xF3;gico y multilateral. Como t&#xE9;cnicas se utilizaron: revisi&#xF3;n bibliogr&#xE1;fica, observaci&#xF3;n pedag&#xF3;gica, encuestas y revisi&#xF3;n de cuadros estad&#xED;sticos. &#xA0;Esta provincia tiene una poblaci&#xF3;n de menores de (5) a&#xF1;os de 48,471 ni&#xF1;os, de los cuales 5,801, viven en el Municipio de Bayahibe. &#xA0;Los beneficiados con esta propuesta, ser&#xE1;n los ni&#xF1;os menores de cinco (5) a&#xF1;os.Entre las principales conclusiones del estudio, se destac&#xF3; que es factible este proyecto, pues es un mercado que necesita de esta oferta educacional, tomando en cuenta que tanto en la provincia de La Altagracia como en la Provincia de La Romana, hay escasez &#xA0;de aulas y sobre todo de planteles que se dediquen a la educaci&#xF3;n en la edad temprana. &#xA0;El curr&#xED;culo educativo a usar, se basar&#xED;a en lo que recomienda el Ministerio de Educaci&#xF3;n, para el nivel inicial, se cuenta con un personal que re&#xFA;ne las competencias y aptitudes para los diferentes puestos de trabajo, desde los profesores, hasta el personal asistente.El estudio sugiere, hacer &#xE9;nfasis en la atenci&#xF3;n primaria, porque es el espacio donde mayor efectividad y extensi&#xF3;n puede tener &#xA0;este trabajo de estimulaci&#xF3;n temprana. &#xA0;En las guarder&#xED;as, se deber&#xED;a aplicar una educaci&#xF3;n liberadora, en consecuencia buscar hacer del ni&#xF1;o, una persona libre y responsable; transformar al peque&#xF1;o en un ser humano, en una persona moral, con car&#xE1;cter y conciencia. Este estudio permiti&#xF3; determinar, que en el &#xA0;Municipio de Bayahibe, existe un&#xA0;vac&#xED;o&#xA0;en el &#xE1;rea de las guarder&#xED;as biling&#xFC;es. &#xA0;Como dice Robert&#xA0;Dottrens (1916-1968), en su libro que escribi&#xF3; para la Unesco; "Educar dejando aparte la primera edad de la vida, no es ni siquiera formar; educar es liberar".</subfield>
  </datafield>
  <datafield tag="921" ind1=" " ind2=" ">
    <subfield code="a">16</subfield>
  </datafield>
  <datafield tag="922" ind1=" " ind2=" ">
    <subfield code="a">16</subfield>
  </datafield>
  <datafield tag="923" ind1=" " ind2=" ">
    <subfield code="a">0</subfield>
  </datafield>
  <datafield tag="924" ind1=" " ind2=" ">
    <subfield code="a">NO APLICA</subfield>
  </datafield>
  <datafield tag="942" ind1=" " ind2=" ">
    <subfield code="c">Tesis</subfield>
  </datafield>
  <datafield tag="999" ind1=" " ind2=" ">
    <subfield code="c">627</subfield>
    <subfield code="d">627</subfield>
  </datafield>
</record>
